| 000 | 00909cam a22002535a 4500 | ||
|---|---|---|---|
| 001 | 009156535 | ||
| 005 | 20201128021424.0 | ||
| 008 | 990215s2011 enk frbd 001 0 eng d | ||
| 020 | _a0750643897 (pbk.) | ||
| 020 | _a9780750643894 | ||
| 040 |
_aStDuBDS _dUk _dEG-ScBUE _beng |
||
| 082 | 0 | 4 |
_a658.4 _222 _bDRU |
| 100 | 1 |
_aDrucker, Peter F. _q(Peter Ferdinand), _d1909-2005 _939201 |
|
| 245 | 1 | 0 |
_aManagement : _btasks, responsibilities, practices / _cPeter F. Drucker. |
| 260 |
_aOxon ; _aNew York : _bRoutledge / Taylor & Francis Group, _c2011. |
||
| 300 |
_a575 p. ; _c24 cm. |
||
| 500 | _aAbridged and rev. ed. of: Management : tasks, responsibilities, practices. London : Heinemann, 1974. | ||
| 500 | _aGlossary : p. 558-570. | ||
| 500 | _aIndex : p. 571-575. | ||
| 504 | _aBibliography : p. 552-557. | ||
| 650 | 7 |
_aManagement. _2BUEsh _9553 |
|
| 653 |
_bBUSADM _cJuly2015 _cJanuary2016 |
||
| 942 | _2ddc | ||
| 999 |
_c20293 _d20265 |
||